| 000 | 00381nam a22001697a 4500 | ||
|---|---|---|---|
| 005 | 20160623110022.0 | ||
| 008 | 160623b xxu||||| |||| 00| 0 eng d | ||
| 020 | _a81-86314-50-4 | ||
| 041 | _aeng | ||
| 082 | _b9294 | ||
| 100 |
_aGhanekar, Dr Anjali _92557 |
||
| 245 | _aCommunication Skill | ||
| 260 |
_bEPH _c2007 |
||
| 300 | _a202 | ||
| 650 |
_aManagement _9241 |
||
| 942 | _cBK | ||
| 999 |
_c3644 _d3643 |
||